<?xml version="1.0" encoding="UTF-8"?><?xml-stylesheet type="text/xsl" href="static/style.xsl"?><OAI-PMH xmlns="http://www.openarchives.org/OAI/2.0/" xmlns:xsi="http://www.w3.org/2001/XMLSchema-instance" xsi:schemaLocation="http://www.openarchives.org/OAI/2.0/ http://www.openarchives.org/OAI/2.0/OAI-PMH.xsd"><responseDate>2026-04-17T12:56:34Z</responseDate><request verb="GetRecord" identifier="oai:www.recercat.cat:2117/350691" metadataPrefix="marc">https://recercat.cat/oai/request</request><GetRecord><record><header><identifier>oai:recercat.cat:2117/350691</identifier><datestamp>2025-07-22T22:26:17Z</datestamp><setSpec>com_2072_1033</setSpec><setSpec>col_2072_452951</setSpec></header><metadata><record xmlns="http://www.loc.gov/MARC21/slim" xmlns:dcterms="http://purl.org/dc/terms/" xmlns:xsi="http://www.w3.org/2001/XMLSchema-instance" xmlns:doc="http://www.lyncode.com/xoai" xsi:schemaLocation="http://www.loc.gov/MARC21/slim http://www.loc.gov/standards/marcxml/schema/MARC21slim.xsd">
   <leader>00925njm 22002777a 4500</leader>
   <datafield ind2=" " ind1=" " tag="042">
      <subfield code="a">dc</subfield>
   </datafield>
   <datafield ind2=" " ind1=" " tag="720">
      <subfield code="a">García Frías, Sergio</subfield>
      <subfield code="e">author</subfield>
   </datafield>
   <datafield ind2=" " ind1=" " tag="260">
      <subfield code="c">2021-07-15</subfield>
   </datafield>
   <datafield ind2=" " ind1=" " tag="520">
      <subfield code="a">La obra arquitectónica se transforma para adaptarse a las necesidades cambiantes de sus habitantes, por tanto, tarde o temprano precisará inexorablemente de algún tipo de intervención, ya sea por el simple deterioro que deja el paso del tiempo, o bien por cambio de uso o ampliación del espacio. A diferencia de una obra de nueva planta, la intervención arquitectónica en edificios existentes es una actividad que requiere una fase previa de conocimiento del edificio del cual partimos.&#xd;
&#xd;
En este sentido, la investigación se centra en la intervención sobre estructuras preexistentes del pasado que se amplían mediante la superposición de un nuevo estrato o capa. De esta manera se tratarán una serie de edificios que crecen en vertical, cuya ampliación consiste en una remonta a partir del patrimonio construido. &#xd;
&#xd;
El trabajo aborda la relación entre la estructura preexistente y la nueva. Por tanto, serán conceptualizadas las estrategias de unión y articulación entre ambas partes. El contacto entre la nueva actuación y la pretérita será un encuentro fundamental que formará el nuevo conjunto, tanto técnico como formal. La manera en que la nueva aportación articula con el edificio existente, dará lugar a relaciones de semejanza o diferencia entre ambas arquitecturas.</subfield>
   </datafield>
   <datafield ind2=" " ind1=" " tag="520">
      <subfield code="a">The architectural work is transformed to adapt to the changing needs of its inhabitants, as a consequence, sooner or later it will inexorably require some kind of intervention, because of the simple deterioration left by the passage of time, by change of use or by the expansion of space. Unlike a new construction, the architectural intervention in existing buildings is an activity that requires a previous knowledge phase of the original building.&#xd;
&#xd;
In this sense, the research focuses on the intervention on pre-existing structures of the past that are expanded by superimposing a new layer. In this way I will work with&#xd;
a series of buildings that grow vertically, whose extension consists of an addition from the built heritage.&#xd;
&#xd;
The work addresses the relationship between the pre-existing structure and the new. Therefore, the strategies of union and articulation between both parts will be conceptualized. The contact between the new and the old will be a fundamental point that will form the new work, as many technically as formally. The way in which the new contribution articulates the existing building will give rise to relationships of similarity or difference between the two architectures.</subfield>
   </datafield>
   <datafield ind2=" " ind1=" " tag="520">
      <subfield code="a">Award-winning</subfield>
   </datafield>
   <datafield tag="653" ind2=" " ind1=" ">
      <subfield code="a">Àrees temàtiques de la UPC::Edificació::Tècniques i sistemes constructius</subfield>
   </datafield>
   <datafield tag="653" ind2=" " ind1=" ">
      <subfield code="a">Àrees temàtiques de la UPC::Arquitectura::Restauració arquitectònica</subfield>
   </datafield>
   <datafield tag="653" ind2=" " ind1=" ">
      <subfield code="a">Buildings -- Additions</subfield>
   </datafield>
   <datafield tag="653" ind2=" " ind1=" ">
      <subfield code="a">Architecture -- Conservation and restoration</subfield>
   </datafield>
   <datafield tag="653" ind2=" " ind1=" ">
      <subfield code="a">Rooftop architecture</subfield>
   </datafield>
   <datafield tag="653" ind2=" " ind1=" ">
      <subfield code="a">Intervención</subfield>
   </datafield>
   <datafield tag="653" ind2=" " ind1=" ">
      <subfield code="a">Preexistencia</subfield>
   </datafield>
   <datafield tag="653" ind2=" " ind1=" ">
      <subfield code="a">Conexión</subfield>
   </datafield>
   <datafield tag="653" ind2=" " ind1=" ">
      <subfield code="a">Analogia</subfield>
   </datafield>
   <datafield tag="653" ind2=" " ind1=" ">
      <subfield code="a">Diferencia</subfield>
   </datafield>
   <datafield tag="653" ind2=" " ind1=" ">
      <subfield code="a">Edificis -- Ampliacions</subfield>
   </datafield>
   <datafield tag="653" ind2=" " ind1=" ">
      <subfield code="a">Arquitectura -- Conservació i restauració</subfield>
   </datafield>
   <datafield tag="653" ind2=" " ind1=" ">
      <subfield code="a">Remuntes (Arquitectura)</subfield>
   </datafield>
   <datafield ind2="0" ind1="0" tag="245">
      <subfield code="a">Sobre intervenciones</subfield>
   </datafield>
</record></metadata></record></GetRecord></OAI-PMH>